000 00295nam a22001337a 4500
008 181105b xxu||||| |||| 00| 0 eng d
020 _a9780844286921
041 _aeng
080 _a030
100 _a24
101 _aENC
245 _aVgms Careers Encyclopeia
_cCarers .v
942 _2udc
_cBK
999 _c51817
_d51817